Le gouffre a toujours soif

Shranjeno v:
Bibliografske podrobnosti
Glavni avtor: Giroux, André
Format: Knjiga
Jezik:Undetermined
Izdano: Ottawa, Canadá Fides 1953
Teme:
Oznake: Označite
Brez oznak, prvi označite!

MARC

LEADER 00000nam a2200000Ia 4500
008 170316s9999 xx 000 0 und d
040 |a cru BVZT 
090 |a 818 G-12g 
100 |a Giroux, André 
245 |a Le gouffre a toujours soif 
260 |a Ottawa, Canadá 
260 |b Fides 
260 |c 1953 
300 |a 188 páginas 
650 |a LITERATURA CANADIENSE 
999 |c 6434  |d 6434 
942 |c 15 D  |h 818 G-12g  |2 z